| 000 | 00908nam a2200265Ia 4500 | ||
|---|---|---|---|
| 003 | OSt | ||
| 005 | 20220918170706.0 | ||
| 006 | a|||||r|||| 00| 0 | ||
| 007 | ta | ||
| 008 | 220917b |||||||| |||| 00| 0 eng d | ||
| 020 |
_a9780415579193 (pbk) _c1986.76 |
||
| 024 | _a260,844 | ||
| 037 |
_b11-09669, 16/01/2012, Atlantic Publisher & Dist.Pvt.Ltd. _cTextual |
||
| 040 |
_aARTS _cARTS _beng |
||
| 041 |
_2eng _aeng |
||
| 082 | _aSigma:f:(B28), Q1 | ||
| 100 |
_aBryman Alan _914705 |
||
| 245 | 0 |
_aQuantitative data analysis with IBM SPSS 17,18 & 19 _b A guide for social scientists |
|
| 260 |
_aLondon _bRoutledge UK _c2011 |
||
| 300 |
_axxv, 377p. _ccm. |
||
| 650 | _aSOCIAL SCIENCES | ||
| 700 |
_a Cramer Duncan _930378 |
||
| 942 |
_hSigma:f:(B28), Q1 _cTEXL _2CC |
||
| 999 |
_c135161 _d135161 |
||